| 000 | 04045nam a2200349 a 4500 | ||
|---|---|---|---|
| 001 | 00150 | ||
| 003 | DO-SdBNP | ||
| 005 | 20160426130002.0 | ||
| 007 | 00150 | ||
| 008 | 160406b dr 20uu||| |||| 00| 0 spa d | ||
| 040 |
_aBPMSU _bspa _cBPMSU |
||
| 092 |
_a373.7 _bP349m 2do [200-?] |
||
| 100 | 1 | _aPeña Geraldino, Rafael | |
| 245 | 1 | 0 |
_aMatemática 2 : _beducación media / _c Rafael Peña Geraldino ; coordinador José Molinaza |
| 250 | _a3ed. | ||
| 260 |
_aSanto Domingo : _bSecretaría de Estado de Educación _c[200-?] |
||
| 300 |
_a299 p. _bretrs. ; _c28 cm. |
||
| 500 | _aGestión educativa 2004-2008 | ||
| 500 | _aSegundo grado, primer ciclo | ||
| 505 |
_tCapitulo 1: _tInicio de la lógica - Método deductivo de razonamiento - Lógica matemática - Proposiciones compuestas - Equivalencia de formas proporcionales - Clasificación de las proposiciones de acuerdo a su resultado - Fora aargumental y argumento - Método de demostración - Cuantificadores - Negación de los cuantificadores _tCapítulo 2: _tFiguras geométricas - Línea recta-plano - Medidas de segmentos rectilíneos - Posiciones relativas de dos líneas rectas - Ángulos - Construcciones - Teorenas - polígonos _tCapítulo 3: _tFunciones - Conyunto producto o producto cartesiano - Función - Tipos de funciones - Funciones de primer grado o función lineal - Ecuación - Proporcionalidad inversa y directa - Inecuaciones - Desigualdades - Intervalos en los números reales - Inecuaciones de primer grado en una variable - Inecuaciones lineales en dos variables - Anexo. _tCapítulo 4 : _tTriangulo - Clasificación de los triangulo - Puntos importantes de un triangulo - Proporcionalidad - Constant de proporcionalidad - Semejanza de triángulos rectángulos - Semejanza de polígonos _tCapítulo 5 : _tCuadriláteros - Paralelogramo - Propiedades de los cuadriláteros _tCapítulo 6 : _tTrigonometría - Teorema de Pitágoras - Racionalización - Funciones trigonométricas de ángulos notables - Resolución de triángulos rectángulos - Ángulo de elevación y ángulo de depresión - Sistema de medidas de los ángulos - Funciones trigonométricas de cualquier ángulo, en el sistema de coordenadas cartesianas - Identidades trigonométricas - Ley de los senos o teorema de los senos - Teorema del coseno o ley de los cosenos - Determinación del área de un triángulo _tCapítulo 7 : _tTransformaciones geométricas - Simetría con respecto a una recta o eje simetrial axial - Reflexion - Simetría reflexiva en el plano cartesiano - Traslación - Rotaciones o giros _tCapítulo 8 : _tEstructuras algébricas - Operación interna binaria para un conjunto dado - Estructuras algébricas - Tabla de operación o tabla pitagórica o de doble entrada. _tCapítulo 9: _tFunción polinómica de segundo grado o función cuadrática - Algunas consideraciones sobre gráfica de una función - Ecuaciones de segundo grado - Resolución de una ecuación de segundo grado por factorización y fórmula general - Aplicaciones de la ecuación de segundo grado para la resolución de problemas - Resolución de una ecuación cuadrática complementando un trinomio cuadrado perfecto - Resolución de ecuaciones incompletade segundo grado - Punto máximo y mínimo de una parábola y eje de simetría - Inecuaciones de segundo grado en una variable - Inecuación de segundo grado en dos variables _tCapítulo 10 : _tEstadística - Tabla de frecuencia de datos agrupados - Representaciones gráficas - Medidas de tendencia central - Medidas de dispersón. |
||
| 650 | 4 |
_aMATEMÁTICAS _xENSEÑANZA BÁSICA |
|
| 650 | 4 |
_aMATEMÁTICAS _xEDUCACIÓN SECUNDARIA |
|
| 650 | 4 |
_aMATEMÁTICAS _xLIBROS DE TEXTOS |
|
| 650 | 4 |
_aMATEMÁTICAS _xESTUDIOS Y EJERCICIOS |
|
| 650 | 4 |
_aEDUCACIÓN SECUNDARIA _zREPÚBLICA DOMINICANA |
|
| 700 | 1 |
_aMolinaza, José, _4coord. |
|
| 910 | _aValidado.Control de calidad MFF | ||
| 942 |
_2ddc _cBK |
||
| 956 |
_aBTAVAREZ _b10 _c20100809 _lBND01 _h1053 |
||
| 956 |
_aVMATEO _b10 _c20150707 _lBPMSU _h00151 |
||
| 956 |
_aBTAVÁREZ _b10 _c20160406 _l00150 |
||
| 999 |
_c9589 _d9589 |
||